=LDR 00000nam 2200000 4500 =001 INLIS000000000000989 =005 20130612085414 =008 ***********************************Ind** =035 ##$$0010-061300000000989 =041 ##$$a Ind =082 ##$$a 372.87 =090 ##$$a 372.87, Pen p =245 ##$$a Pendidikan seni musik untuk murid kelas III SD =260 ##$$a 1983 $b Bandung =300 ##$$a 60 hlm, Ilus, 21 cm =650 ##$$a Seni musik =850 ##$$a NBPNMAT